[Event "HUN-chT2 Toth 1819"]
[Site "Hungary"]
[Date "2019.01.27"]
[Round "6.11"]
[White "Nagy, Noemi"]
[Black "Bodo, Tibor"]
[Result "1-0"]
[WhiteElo "1569"]
[BlackElo "1591"]
[PlyCount "135"]
[EventDate "2018.09.23"]
[EventType "team-tourn"]
[EventRounds "11"]
[EventCountry "HUN"]
[SourceTitle "EXT 2021"]
[Source "ChessBase"]
[SourceDate "2020.10.23"]
[SourceVersion "1"]
[SourceVersionDate "2020.10.23"]
[SourceQuality "1"]
[WhiteTeam "Felegyhaza Csongrad"]
[BlackTeam "Kecskemet Toth Laszlo II"]
[WhiteTeamCountry "HUN"]
[BlackTeamCountry "HUN"]

1. c4 Nf6 2. Nc3 d6 3. g3 Nbd7 4. Bg2 e5 5. e3 c6 6. Nge2 Be7 7. 0-0 0-0 8. d4 exd4 9. Nxd4 Ne5 10. b3 Qc7 11. Bb2 Bd7 12. Rc1 Rad8 13. Qc2 Qc8 14. Nce2 Bh3 15. Nf4 Bxg2 16. Kxg2 Rfe8 17. h4 Nfg4 18. Rce1 Nh6 19. Rh1 Bf8 20. Nh3 Neg4 21. Ng5 g6 22. Ne2 Nf5 23. Bc1 Rxe3 24. f3 Rxe2+ 25. Qxe2 Ne5 26. Bb2 Bg7 27. f4 Ng4 28. Bxg7 Nge3+ 29. Kf2 Re8 30. Qb2 Ng4+ 31. Kg2 Rxe1 32. Rxe1 Nxg7 33. Qe2 h5 34. Qe7 Nh6 35. Qxd6 Nhf5 36. Qe5 c5 37. Ne4 Qf8 38. Qxc5 Qxc5 39. Nxc5 b6 40. Nd7 Ne6 41. Ne5 Kg7 42. Nc6 a5 43. Ne5 Ned4 44. Nd7 Nc2 45. Re8 f6 46. Nxb6 Nb4 47. c5 Nc6 48. Nc4 Kf7 49. Ra8 Ke6 50. Nxa5 Ncd4 51. Nc4 Kd5 52. Rf8 Kxc5 53. Rxf6 Ne2 54. Rxf5+ gxf5 55. Ne3 Nd4 56. a3 Kb5 57. Kf2 Kc5 58. b4+ Kb5 59. Nd5 Ka4 60. Nc7 Kxa3 61. b5 Ka4 62. Ke3 Nb3 63. b6 Nc5 64. Nd5 Kb5 65. Ne7 Kxb6 66. Nxf5 Nd7 67. Ke4 Kc6 68. Ng7 1-0

[Event "HUN-chT2 Toth 1718"]
[Site "Hungary"]
[Date "2018.01.28"]
[Round "7.11"]
[White "Bodo, Tibor"]
[Black "Hajnal, Bence"]
[Result "0-1"]
[WhiteElo "1594"]
[BlackElo "1764"]
[PlyCount "78"]
[EventDate "2017.09.24"]
[EventType "team-tourn"]
[EventRounds "11"]
[EventCountry "HUN"]
[SourceTitle "EXT 2021"]
[Source "ChessBase"]
[SourceDate "2020.10.23"]
[SourceVersion "1"]
[SourceVersionDate "2020.10.23"]
[SourceQuality "1"]
[WhiteTeam "Kecskemet Toth Laszlo II"]
[BlackTeam "Mako Duocor II"]
[WhiteTeamCountry "HUN"]
[BlackTeamCountry "HUN"]

1. d4 b6 2. Nf3 g6 3. e3 Bb7 4. Bd3 Bg7 5. Qe2 a6 6. b3 d6 7. Bb2 e6 8. Nbd2 Nd7 9. 0-0 Ne7 10. a3 h6 11. h3 g5 12. c4 f5 13. Nh2 h5 14. e4 f4 15. Rfe1 e5 16. Ndf3 Ng6 17. Rad1 Qe7 18. dxe5 Bxe5 19. Nxe5 Ndxe5 20. Nf3 Bc8 21. Nd4 f3 22. Nxf3 g4 23. Nxe5 dxe5 24. Qd2 gxh3 25. g3 Nh4 26. Be2 Ng2 27. Rf1 Bb7 28. f3 Rg8 29. Kh2 Qg7 30. Bxe5 Qxe5 31. Qd7+ Kf8 32. Qxh3 Ne3 33. f4 Nxf1+ 34. Rxf1 Qxe4 35. Bf3 Qc2+ 36. Qg2 Qxg2+ 37. Kxg2 Bxf3+ 38. Kxf3 Rd8 39. Ke3 Rxg3+ 0-1

[Event "HUN-chT2 Toth 1415"]
[Site "Hungary"]
[Date "2015.02.08"]
[Round "8.10"]
[White "Bodo, Tibor"]
[Black "Puha, Peter"]
[Result "0-1"]
[WhiteElo "1692"]
[BlackElo "1946"]
[PlyCount "72"]
[EventDate "2014.09.07"]
[EventType "team-tourn"]
[EventRounds "11"]
[EventCountry "HUN"]
[SourceTitle "EXT 2016"]
[Source "ChessBase"]
[SourceDate "2015.10.08"]
[SourceVersion "1"]
[SourceVersionDate "2015.10.08"]
[SourceQuality "1"]
[WhiteTeam "Toth Laszlo"]
[BlackTeam "Karcag"]
[WhiteTeamCountry "HUN"]
[BlackTeamCountry "HUN"]

1. d4 d5 2. c4 e6 3. Nf3 c6 4. Nc3 Nf6 5. Bg5 dxc4 6. e3 b5 7. a3 Nbd7 8. g3 Be7 9. Bg2 Nd5 10. Bxe7 Qxe7 11. 0-0 Nxc3 12. bxc3 Bb7 13. Qc2 0-0 14. a4 a6 15. Nd2 Rab8 16. Rfb1 Nb6 17. axb5 cxb5 18. e4 e5 19. d5 Nd7 20. Rb2 Nc5 21. Bf1 f5 22. Re1 f4 23. f3 fxg3 24. hxg3 Qg5 25. Kg2 h5 26. Be2 h4 27. g4 Qf4 28. Nf1 Nd3 29. Bxd3 Qxf3+ 30. Kh2 cxd3 31. Qd2 Qxg4 32. Qxd3 Rf3 33. Re3 Qf4+ 34. Kg1 Rxf1+ 35. Kg2 Rf8 36. Qe2 Qg5+ 0-1

[Event "HUN-chT2 Toth 1314"]
[Site "Hungary"]
[Date "2014.03.02"]
[Round "8.12"]
[White "Gurzo, Bence Bendeguz"]
[Black "Bodo, Tibor"]
[Result "1-0"]
[WhiteElo "1269"]
[BlackElo "1742"]
[PlyCount "133"]
[EventDate "2013.09.08"]
[EventType "team-tourn"]
[EventRounds "11"]
[EventCountry "HUN"]
[SourceTitle "EXT 2016"]
[Source "ChessBase"]
[SourceDate "2015.10.08"]
[SourceVersion "1"]
[SourceVersionDate "2015.10.08"]
[SourceQuality "1"]
[WhiteTeam "Gyula"]
[BlackTeam "Toth Laszlo II"]
[WhiteTeamCountry "HUN"]
[BlackTeamCountry "HUN"]

1. e4 c5 2. Nf3 Nc6 3. d4 cxd4 4. Nxd4 Nf6 5. Nc3 a6 6. Be2 e6 7. a3 Be7 8. 0-0 b5 9. Bf4 Bb7 10. Nxc6 Bxc6 11. f3 0-0 12. Kh1 Qb6 13. b4 Rac8 14. Bg3 Qe3 15. Qd3 Qh6 16. Bf2 Rfd8 17. Bb6 Re8 18. Qe3 Qh4 19. Qf2 Qxf2 20. Bxf2 Nh5 21. Nd1 Bf6 22. Rc1 Nf4 23. Bd3 Bb7 24. Rb1 Rc6 25. Be3 Nxd3 26. cxd3 d6 27. d4 Rec8 28. Rf2 Rc4 29. Rd2 h6 30. h3 Kh7 31. Kh2 g5 32. Rd3 Bg7 33. Rbb3 f5 34. exf5 exf5 35. Rbc3 d5 36. g4 f4 37. Bf2 Re8 38. Rxc4 bxc4 39. Rd2 Bc6 40. Nc3 Bf6 41. a4 Bd8 42. Rb2 Kg7 43. b5 axb5 44. axb5 Bb7 45. Ra2 Bb6 46. Rb2 Ba5 47. Na4 Be1 48. Nc5 Bxf2 49. Rxf2 Rb8 50. Re2 Bc8 51. Rb2 Kf7 52. b6 Bb7 53. Ra2 Ke8 54. Kg2 Ke7 55. Ra7 Kd6 56. Nxb7+ Kc6 57. Nc5 Rxb6 58. Ra2 Rb4 59. Rc2 Kb5 60. Kf2 c3 61. Nd3 Rb3 62. Ke2 Kc4 63. Ne5+ Kxd4 64. Nc6+ Kc5 65. Ne5 Rb2 66. Nd3+ Kd4 67. Nxb2 1-0

[Event "HUN-chT2 Erkel 1011"]
[Site "Hungary"]
[Date "2011.05.15"]
[Round "11.6"]
[White "Rabovszky, Gyorgy"]
[Black "Bodo, Tibor"]
[Result "0-1"]
[WhiteElo "2005"]
[BlackElo "2004"]
[PlyCount "80"]
[EventDate "2010.09.12"]
[EventType "team-tourn"]
[EventRounds "11"]
[EventCountry "HUN"]
[SourceTitle "EXT 2012"]
[Source "ChessBase"]
[SourceDate "2011.11.24"]
[SourceVersion "1"]
[SourceVersionDate "2011.11.24"]
[SourceQuality "1"]
[WhiteTeam "Honved"]
[BlackTeam "Budapest MTK"]
[WhiteTeamCountry "HUN"]
[BlackTeamCountry "HUN"]

1. e4 Nf6 2. e5 Nd5 3. d4 d6 4. Nf3 Nb6 5. Nc3 g6 6. Bf4 Bg7 7. Qd2 Bg4 8. exd6 cxd6 9. Bh6 0-0 10. h4 e5 11. Bxg7 Kxg7 12. 0-0-0 Nc6 13. h5 gxh5 14. Be2 Qf6 15. Ne4 Qg6 16. Ng3 f5 17. Nh4 Qh6 18. Qxh6+ Kxh6 19. Bxg4 fxg4 20. Nhf5+ Kg6 21. Rxh5 Rxf5 22. Rxf5 Nxd4 23. Rxd4 exd4 24. Rf4 Kg5 25. Rxd4 d5 26. f3 h5 27. Ne2 gxf3 28. gxf3 Rf8 29. f4+ Kg4 30. f5+ Kf3 31. Kd1 Rxf5 32. a4 Nc4 33. b3 Ne3+ 34. Kd2 Ng4 35. Rb4 Rf7 36. Rb5 Nf6 37. Rb4 Ne4+ 38. Ke1 h4 39. c4 Kg2 40. cxd5 Rf1# 0-1